Parma Calcio Squad 2020-2021 - Statistics

General Stats
  • This quiz has been taken 40 times
    30 since last reset
  • The average score is 22 of 42
Answer Stats
# Position Nation Player % Correct
98 FW Romania Dennis Man
90%
1 GK Italy Luigi Sepe
90%
28 FW Romania Valentin Mihăilă
85%
24 DF Venezuela Yordan Osorio
85%
11 FW Denmark Andreas Cornelius
80%
27 FW Ivory Coast Gervinho
80%
33 MF Slovakia Juraj Kucka
80%
22 DF Portugal Bruno Alves
75%
23 MF Brazil Hernani
75%
14 MF Slovenia Jasmin Kurtić
75%
7 DF Sweden Riccardo Gagliolo
70%
4 DF Hungary Botond Balogh
65%
45 FW Italy Roberto Inglese
65%
10 FW France Yann Karamoh
65%
2 DF Italy Simone Iacoponi
60%
- Coach Italy Fabio Liverani
55%
9 FW Italy Graziano Pellè
55%
- Coach Italy Roberto D'Aversa
55%
34 GK Italy Simone Colombi
55%
19 MF Switzerland Simon Sohm
55%
3 DF Italy Giuseppe Pezzella
50%
30 DF Argentina Lautaro Valenti
50%
13 DF Italy Mattia Bani
50%
18 MF France Wylan Cyprien
50%
5 DF Italy Andrea Conti
45%
15 MF Uruguay Gastón Brugman
45%
17 FW Netherlands Joshua Zirkzee
45%
42 DF Belgium Maxime Busi
45%
16 DF France Vincent Laurini
45%
8 MF Italy Alberto Grassi
40%
32 MF Argentina Juan Brunetta
40%
20 DF Greece Vasilios Zagaritis
40%
29 DF Belgium Daan Dierckx
35%
5 MF Italy Matteo Scozzarella
30%
93 FW Italy Mattia Sprocati
30%
99 FW Italy Andrea Adorante
25%
77 GK Italy Filippo Rinaldi
25%
17 MF Italy Jacopo Dezi
25%
31 DF Italy Giacomo Ricci
15%
63 GK Italy Andrea Dini
10%
41 MF Italy Hans Nicolussi Caviglia
10%
61 MF Italy Giuseppe Carriero
0%
No matching quizzes found
Score Distribution
Percent of People with Each Score
Percentile by Number Answered
Your Score History
You have not taken this quiz since the last reset